000 01794cam a2200349 4500
001 ABS67165
008 031028n2003 000 0 eng u
035 _a(Sirsi) u124112
100 _aBerry, B.
245 _aHousing - increasing the supply
260 _c2003
490 _aRICS Business
_vOctober 2003, 15(1)
520 _aOutlines RICS' contribution to the Barker review of housing supply, whose interim report is due in autumn 2003 and final report in spring 2004. The RICS submission points out the rapid decline in house building levels due to the collapse of the social and affordable housing programme, the imbalance between household formation' numbers and new house building totals, possible planning system improvements, the need for new investment vehicles in the sector and a range of proposals concerning compulsory purchases, compulsory leasing of empty properties, restriction of right to buy, higher-density housing options and reduced VAT on repair and refurbishment. Considers how the Barker Review could affect government policy. Full RICS response is available at www.rics.org.
590 _aABS
650 _aTOWN AND COUNTRY PLANNING ACT 1990 S106
650 _aINVESTMENT VEHICLES
650 _aHOUSING SUPPLY
650 _aBARKER REVIEW OF HOUSING SUPPLY: SECURING OUR FUTURE HOUSING NEEDS
650 _aAffordable housing
_96215
650 _aSOCIAL HOUSING
650 _aNEW HOUSES
650 _aHOUSEHOLDS
650 _aREGISTERED SOCIAL LANDLORDS
650 _aHOUSING ASSOCIATIONS
650 _aCOMPULSORY PURCHASE ORDERS
650 _aVALUE ADDED TAX
650 _aEMPTY PROPERTIES
650 _aCOMPULSORY LEASING
650 _aRIGHT TO BUY
690 _aPROPERTY-RESIDENTIAL PROPERTY-RESIDENTIAL PROPERTY MARKET
942 _n0
999 _c73674
_d73674